Szczegóły MARC21

Globalizacja : problemy i konsekwencje : praca zbiorowa /

003 -Nazwa inst., której nr kontr. jest w polu 001 [,]
    • @
    • Nazwa instytucji, której n kontrolny jest w polu 001
    • NUKAT
005 -DATA I CZAS OSTATNIEJ MODYFIKACJI [,]
    • @
    • pole kontrolne
    • 20241231104613.0
020 -Międzynarod. znormalizowany nr książki - ISBN [ , ]
    • a
    • Numer ISBN
    • 8370412491 Find
040 -Instytucja sporządzająca opis [ , ]
    • a
    • Instytucja, która sporządziła opis (NP)
    • KR U/KG
    • c
    • Instytucja, która sporządziła rekord (NP)
    • KR U/KG
    • d
    • Instytucja, która zmodyfikowała rekord (P)
    • KR U/MM
    • d
    • Instytucja, która zmodyfikowała rekord (P)
    • KR U/KNs
041 -Język dokumentu [1, ]
    • a
    • Język tekstu (P)
    • polski
    • h
    • Język tekstu oryginalnego i/lub pośredniego (P)
    • niemiecki
942 -Rodzaj dokumentu [ , ]
    • c
    • Rodzaj dokumentu
    • Książka
245 -Strefa tytułu i oznaczenia odpowiedzialności [0,0]
    • a
    • Tytuł
    • Globalizacja : Find
    • b
    • Ciąg dalszy tytułu (NP)
    • problemy i konsekwencje : praca zbiorowa / Find
    • c
    • Pozostałe elementy strefy tytułu i oznaczenia odpowiedzialności (NP)
    • pod red. Włodzimierza Durki, Joanny Jonczek, Daniela Sierżańskiego ; [tł. z jęz. niem. Elżbieta Jonczek].
260 -Strefa adresu wydawniczego [ , ]
    • a
    • Miejsce wydania (P)
    • Szczecin :
    • b
    • Nazwa wydawcy (P)
    • SWA Ottonianum,
    • c
    • Data wydania (P)
    • 2003.
300 -Strefa opisu fizycznego [ , ]
    • a
    • Określenie formy książki i/lub objętość (NP)
    • 227 s. ;
    • c
    • Format (NP)
    • 24 cm.
336 -Typ zawartości [ , ]
    • a
    • Termin opisujący typ zawartości
    • Tekst
    • b
    • Kod określający zawartość
    • txt
    • 2
    • Źródło (terminu i kodu)
    • rdacontent
337 -Typ mediów [ , ]
    • a
    • Tryb odtwarzania
    • Bez urządzenia pośredniczącego
    • b
    • Kod typu mediów
    • n
    • 2
    • Źródło (terminu i kodu)
    • rdamedia
338 -Typ/rodzaj nośnika [ , ]
    • a
    • Hasło opisujące typ nośnika
    • Wolumin
    • b
    • Kod typu nośnika
    • nc
    • 2
    • Źródło (terminu i kodu)
    • rdacarrier
080 -Uniwersalna Klasyfikacja Dziesiętna [ , ]
    • 2
    • Identyfikator wydania tablic
    • UDC-P058
    • a
    • Symbol klasyfikacji
    • 339.92
    • b
    • Dopowiedzenie
    • Międzynarodowa współpraca gospodarcza. Międzynarodowa integracja gospodarcza.
    • x
    • Poddział wspólny
    • (075.8)
    • b
    • Dopowiedzenie
    • (Podręczniki dla szkół wyższych. Skrypty).
650 -Hasło przedmiotowe [ ,7]
    • a
    • Hasło przedmiotowe
    • Globalizacja
    • y
    • Określnik chronologiczny
    • 21 w.
    • 2
    • Źródło terminu
    • kaba
    • 9
    • KHW
    • 350811
650 -Hasło przedmiotowe [ ,7]
    • a
    • Hasło przedmiotowe
    • Globalizacja
    • x
    • Określnik rzeczowy
    • aspekt polityczny.
    • 2
    • Źródło terminu
    • kaba
    • 9
    • KHW
    • 360995
650 -Hasło przedmiotowe [ ,7]
    • a
    • Hasło przedmiotowe
    • Globalizacja
    • x
    • Określnik rzeczowy
    • aspekt społeczny.
    • 2
    • Źródło terminu
    • kaba
    • 9
    • KHW
    • 360994
980 -Symbol UKD [ , ]
    • a
    • UKD
    • 339.92(075.8)
700 -Hasło dodatkowe - nazwa osobowa [1, ]
    • a
    • Nazwa osobowa (NP)
    • Durka, Włodzimierz Find
    • d
    • Daty biograficzne (NP)
    • (1960- ).
    • e
    • Określenie rodzaju współpracy
    • Red.
    • 9
    • KHW
    • 26499
700 -Hasło dodatkowe - nazwa osobowa [1, ]
    • a
    • Nazwa osobowa (NP)
    • Jonczek, Joanna. Find
    • e
    • Określenie rodzaju współpracy
    • Red.
    • 9
    • KHW
    • 40794
700 -Hasło dodatkowe - nazwa osobowa [1, ]
    • a
    • Nazwa osobowa (NP)
    • Sierżański, Daniel. Find
    • e
    • Określenie rodzaju współpracy
    • Red.
    • 9
    • KHW
    • 681150
700 -Hasło dodatkowe - nazwa osobowa [1, ]
    • a
    • Nazwa osobowa (NP)
    • Jonczek, Elżbieta. Find
    • e
    • Określenie rodzaju współpracy
    • Tł.
    • 9
    • KHW
    • 681151
710 -Hasło dodatkowe - nazwa ciała zbiorowego [2, ]
    • a
    • Nazwa ciała zbiorowego lub nazwa geograficzna jako pierwszy element (NP)
    • Szczecińskie Wydawnictwo Archidiecezjalne Ottonianum.
    • 4
    • Kod relacji
    • pbl
    • 9
    • KHW
    • 477674
920 -ISBN [ , ]
    • a
    • ISBN
    • 83-7041-249-1 Find
Lokalizacja Data inwentaryzacji Sygnatura Numer inwentarzowy Status udost.
BE2004-06-28 E.69314-2
BE2004-06-28 S.912132
BE2004-06-28 S.912142
BE2004-06-28 S.912152
BE2004-06-28 S.91216-2
BE2004-06-28 S.91217-2
BG2004-06-28WM.2699WM.2699-3
BG2004-06-28WM.2699WM.2700-3
BG2004-06-28WM.2699WM.2701-3
BG2004-06-28WM.2699WM.2702-3
BG2004-06-28WM.2699WM.2703-3
BG2004-06-28WM.2699WM.27042
BG2004-06-28WM.2699WM.27052
BG2007-05-22WM.2699WM.63472
BG2004-06-28Z.103139Z.103139-6
BNS2004-07-14 F.315121
T2004-06-28TM.2398TM.2398-3
T2004-06-28TM.2399TM.2399-3
T2004-06-28TM.2400TM.2400-3
T2004-06-28TM.2401TM.2401-3
T2004-06-28TM.2402TM.2402-3
T2004-06-28T.7979T.7979-2